Atlas-manual de Embriología de los vertebrados y del hombre / (Registro nro. 76969)

Detalles MARC
000 -LEADER
campo de control de longitud fija 00637nam a2200181 i 4500
001 - NÚMERO DE CONTROL
campo de control 76969
003 - IDENTIFICADOR DE NÚMERO DE CONTROL
campo de control ES-MaACL
005 - FECHA Y HORA DE LA ÚLTIMA TRANSACCIÓN
campo de control 20230906173033.0
007 - CAMPO FIJO DE DESCRIPCIÓN FÍSICA--INFORMACIÓN GENERAL
campo de control de longitud fija t|
008 - DATOS DE LONGITUD FIJA--INFORMACIÓN GENERAL
campo de control de longitud fija 041006s1908 sp ||||1| spa d
100 1# - ENTRADA PRINCIPAL--NOMBRE DE PERSONA
Nombre de persona Gurwitsch, Alejandro.
9 (RLIN) 61008
245 10 - MENCIÓN DEL TÍTULO
Título Atlas-manual de Embriología de los vertebrados y del hombre /
Mención de responsabilidad, etc. por Alejandro Gurwitsch ; traducción del alemán por J. Pou-Orfila ; con un prólogo de Chr. Jakob.
260 ## - PUBLICACIÓN, DISTRIBUCIÓN, ETC.
Lugar de publicación, distribución, etc. Madrid :
Nombre del editor, distribuidor, etc. [s.n.,
Fecha de publicación, distribución, etc. 1908] (
Fabricante E. Raso)
300 ## - DESCRIPCIÓN FÍSICA
Extensión XXIV, 335 p., 55 lám. :
Otras características físicas il. ;
Dimensiones 20 cm.
700 1# - ENTRADA AGREGADA--NOMBRE PERSONAL
Nombre de persona Pou-Orfila, J.
9 (RLIN) 93414
700 1# - ENTRADA AGREGADA--NOMBRE PERSONAL
Nombre de persona Jakob, Chr.
9 (RLIN) 65940
852 ## - LOCALIZACIÓN
Ubicación ES-MaACL
Número de control de estantería B-11984
Existencias
Estatus retirado Estado de pérdida Estado de daño No para préstamo Biblioteca de origen Biblioteca actual Ubicación en estantería Fecha de adquisición Fuente de adquisición Total de préstamos Signatura topográfica completa Código de barras Visto por última vez Precio de reemplazo Tipo de ítem Koha
        Biblioteca del Ateneo de Madrid Biblioteca del Ateneo de Madrid Sala Pardo Bazán 17/01/2008     B-11984 1080538 23/02/2023 23/02/2023 Libro impreso